| 000 | 00649nam a2200241Ia 4500 | ||
|---|---|---|---|
| 003 | OSt | ||
| 005 | 20221005084344.0 | ||
| 006 | a|||||r|||| 00| 0 | ||
| 007 | ta | ||
| 008 | 221004b |||||||| |||| 00| 0 eng d | ||
| 024 | _a59233 | ||
| 037 | _cTextual | ||
| 040 |
_aCRL _cCRL _beng |
||
| 041 |
_2eng _aeng |
||
| 082 | _aY73f, M5 | ||
| 245 | 0 |
_aAtlas of man _b A cultural, historical and sociological lock at the way we live |
|
| 260 |
_aNew Orchard _bMarshall Cavendish _c1985 |
||
| 300 |
_a272p. _ccm. |
||
| 650 |
_a ATLASES _9155905 |
||
| 650 | _aSOCIOLOGY | ||
| 942 |
_hY73f, M5 _cTEXL _2cc |
||
| 999 |
_c992459 _d992459 |
||